| 000 | 00486nam a2200157Ia 4500 | ||
|---|---|---|---|
| 999 |
_c17231 _d17231 |
||
| 003 | OSt | ||
| 005 | 20200606120037.0 | ||
| 008 | 190216s9999||||xx |||||||||||||| ||und|| | ||
| 040 | _cMESKC library | ||
| 082 |
_a954 _bBHA/B |
||
| 100 |
_aBharadwaj, Dinesh Chandra _9215 |
||
| 245 | 0 |
_aBharatheey Samskriti Ki Ruprekha / _cDinesh Chandra Bharadwaj |
|
| 260 |
_bKailas Pusthak Sadan, _aJabalpur: _c1984. |
||
| 300 | _a339p | ||
| 942 |
_cBK _2ddc _h954 _iBHA/B _k954 _mBHA/B |
||